Increasing focus on 'green' leases this year (Record no. 79831)
[ view plain ]
| 000 -LEADER | |
|---|---|
| fixed length control field | 00908cab a22001935a 4500 |
| 001 - CONTROL NUMBER | |
| control field | L142452 |
| 008 - FIXED-LENGTH DATA ELEMENTS--GENERAL INFORMATION | |
| fixed length control field | 080214s2008 xxk f 000 0 eng d |
| 035 ## - SYSTEM CONTROL NUMBER | |
| System control number | (Sirsi) u142452 |
| 041 0# - LANGUAGE CODE | |
| Language code of text/sound track or separate title | eng |
| 100 1# - MAIN ENTRY--PERSONAL NAME | |
| Personal name | Thompson, Elizabeth |
| 245 00 - TITLE STATEMENT | |
| Title | Increasing focus on 'green' leases this year |
| 260 ## - PUBLICATION, DISTRIBUTION, ETC. | |
| Date of publication, distribution, etc. | 2008 |
| 490 #0 - SERIES STATEMENT | |
| Series statement | Property Forecast |
| Volume/sequential designation | 11(1) January 2008, 12-13(2) |
| 520 ## - SUMMARY, ETC. | |
| Summary, etc. | Reviews changes and developments in the sphere of legal property. Covers: the new edition of the Code of Practice governing commercial leases; the abandonment of legislation for a Planning Gain Supplement; REITs; empty property relief; winding up expenses; energy performance certificates. Considers the likely impact of these developments in 2008. Expects more emphasis on green leases. |
| 590 ## - LOCAL NOTE (RLIN) | |
| Local note | KA |
| 651 #4 - SUBJECT ADDED ENTRY--GEOGRAPHIC NAME | |
| Geographic name | United Kingdom |
| Chronological subdivision | |
| 690 ## - LOCAL SUBJECT ADDED ENTRY--TOPICAL TERM (OCLC, RLIN) | |
| Topical term or geographic name as entry element | PROPERTY-COMMERCIAL PROPERTY-COMMERCIAL PROPERTY MARKET |
| 942 ## - ADDED ENTRY ELEMENTS (KOHA) | |
| Suppress in OPAC | 0 |
| Withdrawn status | Lost status | Source of classification or shelving scheme | Damaged status | Not for loan | Home library | Current library | Shelving location | Date acquired | Total Checkouts | Full call number | Barcode | Date last seen | Copy number | Price effective from | Koha item type |
|---|---|---|---|---|---|---|---|---|---|---|---|---|---|---|---|
| Dewey Decimal Classification | London | London | Journal article | 14/02/2008 | L142452 | 142452-1001 | 06/08/2019 | 1 | 06/08/2019 | Journal article |